Statistics for Fast Typing 1-10 and 10-1 in 3 Sec

Click here to take the quiz!

General Stats

  • This quiz has been taken 154 times
  • The average score is 18 of 19

Answer Stats

HintAnswer% Correct
11
100%
22
100%
33
100%
44
100%
55
100%
66
100%
77
100%
88
100%
99
99%
1010
97%
44
88%
55
88%
66
88%
77
88%
88
88%
99
88%
11
86%
22
86%
33
86%

Score Distribution

Percentile by Number Answered

Percent of People with Each Score

Your Score History

You have not taken this quiz